Wrocław – prawda czy fałsz? - Statystyki

Ogólne statystyki
  • Ten quiz został rozwiązany 280 razy
    76 od ostatniego zresetowania
  • Średni wynik to 9 z 15
Statystyki odpowiedzi
Zagadnienie Odpowiedź % Poprawnych
Wszystkie stałe linie tramwajowe we Wrocławiu mają numer niższy, niż 100. Prawda
90%
Na obecnym Tarczyński Arena rozgrywano mecze Euro 2012. Prawda
90%
Przez Wrocław oprócz Odry przepływa także rzeka Bóbr. Fałsz
81%
Wrocław to historyczna stolica całego Śląska. Prawda
73%
Z Wrocławia bliżej jest do Adriatyku, niż nad Bałtyk. Fałsz
70%
We Wrocławiu swoją siedzibę posiada telewizja Polsat. Fałsz
66%
Wrocław nie posiada wschodniej obwodnicy. Fałsz
61%
Niemcy broniący Wrocławia w 1945 roku poddali się przed kapitulacją Berlina. Fałsz
60%
Dworzec kolejowy Wrocław Główny obsługuje najwięcej pasażerów w całym kraju. Prawda
58%
Na herbie Wrocławia widnieje dwóch różnych Janów. Prawda
55%
Wroclavia jest największą galerią handlową pod względem liczby lokali w mieście. Fałsz
48%
Wrocławskie krasnale są obecne w niektórych innych miastach. Prawda
45%
Sky Tower jest najwyższym budynkiem w Polsce, którego nie ma w Warszawie. Fałsz
34%
Ostrów Tumski jest wyspą. Fałsz
33%
Słynny budynek ratusza z tarczą zegarową nadal pełni funkcje ratusza. Fałsz
28%
Nie znaleziono quizów pasujących do podanych kryteriów
Rozkład punktacji
Procent ludzi z każdym wynikiem
Percentyl według liczby udzielonych odpowiedzi
Twoja historia wyników
Nie rozwiązałeś tego quizu od ostatniego zresetowania